Przeciw tradycji i dla przyszłości: "Wesele" Stanisława Wyspiańskiego w Reducie wileńskiej
| Titel: | Przeciw tradycji i dla przyszłości: "Wesele" Stanisława Wyspiańskiego w Reducie wileńskiej |
|---|---|
| Verfasser: | |
| In: |
Wilno teatralne, (1998), Seite 257-272 alle Artikel anzeigen |
| Veröffentlicht: | 1998 |
| Format: | Aufsatz |
| Sprache: | Polnisch |
X
alg: 39242873 001A $01999:11-11-16 001B $01999:28-04-17 $t14:58:56.000 001D $01999:11-11-16 001U $0utf8 001X $00 002@ $0Aox 003@ $0392428733 007A $0392428733 $aHEB 007T $0Herdc0020959v 010@ $apol 011@ $a1998 021A $aPrzeciw tradycji i dla przyszłości: "Wesele" Stanisława Wyspiańskiego w Reducie wileńskiej 028A $aKaczyńska $dLeokadia 031A $h257-272 $j1998 039B $aIn $8--Aau--. Wilno teatralne. - Wyd. 1. - Warszawa, 1998. - 511 S.. - Ill.. - ISBN 83-87789-02-X $x199800000000000743 $9091163048 lok: 39242873 78 exp: 39242873 78 1 #EPN 201B/01 $008-02-21 $t23:18:06.000 201U/01 $0utf8 203@/01 $0788526456 208@/01 $a11-11-16 $be 209A/01 $a/ $f000 $x00 220C/01 $aHerkunft: LII / T. Baranauskas 244Z/01 $2Trx $#Poola $#Lenkija $#Polija $#Polen Land $#Poland $#Lengyelország $#Poľsko $#Polsko $8--Trx--Polska$gkraj $x01 $9391345966 244Z/01 $2Trx $#Litauen $#Lithuania $#Litwa $#Litva $#Litva $8--Trx--Lietuva $x02 $9391193457 244Z/01 $#Wilna $#Wilna Vilnius $#Wilnjus $#Wilno $#Vilna $#Vilni $#Wilniuje $#Wilna $75057560-0 $8--Tg1--Vilnius $x03 $9044721684 244Z/01 $#Wyspiański, Stanisław $#Vispianski, Stanislav $#Vispyanski, St. $#Wyspianski, St. $#Vyspjanʹskij, Stanislav $#Wyspianski, S. $#Wyspianski, Stanislaw $#Wyspiański, Stanislas $#Wyspiański, Stanisłas $#Vispjanski, Stanislav $#Wyspiańskie, Stanisław $#Wyspiański, Stanislaw Mateusz Ignacy $7118635751 $8--Tp1--Wyspiański, Stanisław$Z1869-1907 $x04 $9086976699 244Z/01 $2Trx $8--Trx--Einzelbeiträge $x05 $9391384570 247C/01 $82080>Marburg/Lahn, Herder-Institut, Forschungsbibliothek, Bibliographieportal $9336309341
| LEADER | 00000caa a22000002c 4500 | ||
|---|---|---|---|
| 001 | 392428733 | ||
| 003 | DE-603 | ||
| 005 | 20170428145856.0 | ||
| 007 | tu | ||
| 008 | 161111s1998 xx |||| | u00||u|pol c | ||
| 035 | |a (DE-599)HEB392428733 | ||
| 040 | |a DE-603 |b ger |c DE-603 |d DE-603 | ||
| 041 | |a pol | ||
| 100 | 1 | |a Kaczyńska, Leokadia | |
| 245 | 0 | 0 | |a Przeciw tradycji i dla przyszłości: "Wesele" Stanisława Wyspiańskiego w Reducie wileńskiej |
| 264 | 0 | |c 1998 | |
| 773 | 0 | 8 | |i In |t Wilno teatralne |b Wyd. 1 |d Warszawa, 1998 |h 511 S., Ill. |z 838778902X |z 8385161775 |z 8390887118 |g (1998), Seite 257-272 |w (DE-603)091163048 |
| 924 | 0 | |9 2080 |a (DE-603)788526456 |b DE-2080 |c HES |d d |g / | |


